000 00477nam a22001697a 4500
999 _c40673
_d40673
003 OSt
005 20200606120109.0
008 191026b ||||| |||| 00| 0 eng d
020 _a9788192916972
040 _cMESKC library
082 _a891.4335
_bPRE/V
100 0 _aPremacanda,
_956
_d1881-1936
245 _aVardan/
_cPremchand
260 _aDelhi:
_bT K Publications,
_c2014
300 _a111p
942 _2ddc
_cBK
_h891.4335
_iPRE/V
_k891.4335
_mPRE/V